[Event "BL 1011 (Women)"]
[Site "Germany"]
[Date "2011.02.19"]
[Round "8.5"]
[White "Voss, Janine"]
[Black "Kiefhaber, Veronika"]
[Result "0-1"]
[WhiteElo "1821"]
[BlackElo "2242"]
[PlyCount "46"]
[EventDate "2010.11.06"]
[EventType "team-tourn"]
[EventRounds "11"]
[EventCountry "GER"]
[SourceTitle "EXT 2012"]
[Source "ChessBase"]
[SourceDate "2011.11.24"]
[SourceVersion "1"]
[SourceVersionDate "2011.11.24"]
[SourceQuality "1"]
[WhiteTeam "Schott Mainz (W)"]
[BlackTeam "Karlsruhe (W)"]
[WhiteTeamCountry "GER"]
[BlackTeamCountry "GER"]

1. e4 c5 2. Nf3 g6 3. d4 cxd4 4. Nxd4 Nc6 5. Nc3 Bg7 6. Be3 Nf6 7. Bc4 Qa5 8. f3 0-0 9. Bb3 d5 10. Bxd5 Nxd4 11. Bxd4 Rd8 12. b4 Qxb4 13. Rb1 Qa5 14. Rb5 Qc7 15. Rc5 Qd7 16. Be5 e6 17. Bc4 Qe7 18. Bd4 Nxe4 19. Nxe4 Rxd4 20. Qe2 Rxe4 21. Qxe4 Qxc5 22. f4 Rb8 23. Qd3 b5 0-1

[Event "GER-chT U20 Girls "]
[Site "Chemnitz"]
[Date "2009.12.29"]
[Round "5.4"]
[White "Kosovska, Olena"]
[Black "Voss, Janine"]
[Result "1-0"]
[WhiteElo "1850"]
[BlackElo "1820"]
[PlyCount "63"]
[EventDate "2009.12.27"]
[EventType "team-swiss"]
[EventRounds "7"]
[EventCountry "GER"]
[SourceTitle "EXT 2022"]
[Source "ChessBase"]
[SourceDate "2021.10.06"]
[SourceVersion "1"]
[SourceVersionDate "2021.10.06"]
[SourceQuality "1"]
[WhiteTeam "Dresden Gruen Weiss U20 Girls"]
[BlackTeam "Mainz Schott U20 Girls"]
[WhiteTeamCountry "GER"]
[BlackTeamCountry "GER"]

1. c4 Nf6 2. Nc3 d5 3. cxd5 Nxd5 4. d4 g6 5. e4 Nxc3 6. bxc3 Bg7 7. Bc4 c5 8. Ne2 cxd4 9. cxd4 0-0 10. 0-0 Nc6 11. Be3 Bg4 12. f3 Na5 13. Bxf7+ Rxf7 14. fxg4 Rxf1+ 15. Qxf1 Nc4 16. Bf2 Nd2 17. Qc1 Nxe4 18. Qc4+ Kh8 19. Be3 Rc8 20. Qb3 Qd7 21. h3 Nd2 22. Qd3 Nc4 23. Bf2 Qb5 24. Rc1 e5 25. Nc3 Qd7 26. Ne4 b5 27. d5 Rd8 28. d6 a6 29. Bh4 Qa7+ 30. Kh2 Rd7 31. Qd5 Qd4 32. Qa8+ 1-0

[Event "GER-chT U20 Girls "]
[Site "Chemnitz"]
[Date "2009.12.28"]
[Round "4.4"]
[White "Wichtmann, Barbara"]
[Black "Voss, Janine"]
[Result "0-1"]
[WhiteElo "1037"]
[BlackElo "1820"]
[PlyCount "78"]
[EventDate "2009.12.27"]
[EventType "team-swiss"]
[EventRounds "7"]
[EventCountry "GER"]
[SourceTitle "EXT 2022"]
[Source "ChessBase"]
[SourceDate "2021.10.06"]
[SourceVersion "1"]
[SourceVersionDate "2021.10.06"]
[SourceQuality "1"]
[WhiteTeam "Duesseldorf SF 75 U20 Girls"]
[BlackTeam "Mainz Schott U20 Girls"]
[WhiteTeamCountry "GER"]
[BlackTeamCountry "GER"]

1. e4 c5 2. Nf3 d6 3. d4 cxd4 4. Nxd4 Nf6 5. Nc3 g6 6. f4 Nc6 7. Nf3 Bg7 8. Bd3 0-0 9. 0-0 Bd7 10. Be3 Ng4 11. Qe2 Nxe3 12. Qxe3 Rc8 13. Rab1 Qa5 14. a3 Be6 15. Nd1 b5 16. f5 Bd7 17. c3 a6 18. Nd4 Nxd4 19. cxd4 Qb6 20. e5 dxe5 21. dxe5 Qxe3+ 22. Nxe3 Bxe5 23. Nd5 Bd4+ 24. Kh1 Rfe8 25. fxg6 hxg6 26. Rfe1 Be6 27. Nb4 Red8 28. Re4 a5 29. Nc2 Bxb2 30. Rxb2 Rxd3 31. Re2 Rxc2 32. h3 Rxe2 33. Rxe2 Rxa3 34. Rb2 Rb3 35. Rd2 a4 36. Kh2 a3 37. h4 Rb2 38. Rd1 a2 39. Ra1 Rb1 0-1

[Event "Karl Mala Memorial op 12th"]
[Site "Frankfurt"]
[Date "2009.07.18"]
[Round "4"]
[White "Voss, Janine"]
[Black "Schmieder, Stefan"]
[Result "0-1"]
[WhiteElo "1823"]
[BlackElo "1508"]
[PlyCount "56"]
[EventDate "2009.07.16"]
[EventType "swiss"]
[EventRounds "7"]
[EventCountry "GER"]
[SourceTitle "EXT 2010"]
[Source "ChessBase"]
[SourceDate "2010.11.25"]
[SourceVersion "1"]
[SourceVersionDate "2010.11.25"]
[SourceQuality "1"]

1. e4 e6 2. d4 d5 3. Nc3 Nf6 4. e5 Nfd7 5. Nce2 c5 6. c3 Nc6 7. f4 cxd4 8. cxd4 Qb6 9. Nf3 Be7 10. Qc2 Nb4 11. Qb1 a6 12. a3 Nc6 13. Be3 f6 14. Bf2 Qc7 15. Nc3 b5 16. Bd3 f5 17. Ng5 Nb6 18. g4 Bxg5 19. fxg5 0-0 20. gxf5 exf5 21. Qd1 Be6 22. Ne2 Nc4 23. Qc2 Qa5+ 24. Kf1 Rac8 25. Kg2 Qb6 26. Nf4 N6xe5 27. Qe2 Nxd3 28. Nxd3 f4 0-1

[Event "GER-ch U18 Girls"]
[Site "Willingen"]
[Date "2009.06.02"]
[Round "5"]
[White "Mueller, Anna Louise"]
[Black "Voss, Janine"]
[Result "0-1"]
[WhiteElo "1581"]
[BlackElo "1838"]
[PlyCount "64"]
[EventDate "2009.05.30"]
[EventType "swiss"]
[EventRounds "9"]
[EventCountry "GER"]
[SourceTitle "CBM 130 Extra"]
[Source "ChessBase"]
[SourceDate "2009.07.02"]
[SourceVersion "2"]
[SourceVersionDate "2009.07.15"]
[SourceQuality "1"]

1. e4 c5 2. Nf3 d6 3. d4 cxd4 4. Nxd4 Nf6 5. Nc3 g6 6. Be3 Bg7 7. Bc4 Nc6 8. f3 0-0 9. Qd2 Bd7 10. Bb3 Rc8 11. 0-0-0 Ne5 12. Kb1 Nc4 13. Bxc4 Rxc4 14. g4 Qb8 15. h4 Rfc8 16. Nd5 Nxd5 17. exd5 Qc7 18. b3 Rc3 19. h5 a5 20. hxg6 hxg6 21. Bh6 Be5 22. f4 Bh8 23. f5 Qc5 24. fxg6 fxg6 25. Qg5 Be8 26. Qxe7 Bf7 27. Rdf1 Qxd5 28. Nf5 R3c7 29. Qxd6 gxf5 30. Qxd5 Bxd5 31. Rhg1 Rxc2 32. Rxf5 Rb2+ 0-1

[Event "BL2 Sued 0809 (Women)"]
[Site "Germany"]
[Date "2008.12.07"]
[Round "4.5"]
[White "Voss, Janine"]
[Black "Specht, Maria"]
[Result "1-0"]
[WhiteElo "1838"]
[BlackElo "1946"]
[PlyCount "75"]
[EventDate "2008.11.08"]
[EventType "team-tourn"]
[EventRounds "7"]
[EventCountry "GER"]
[SourceTitle "EXT 2010"]
[Source "ChessBase"]
[SourceDate "2010.11.25"]
[SourceVersion "1"]
[SourceVersionDate "2010.11.25"]
[SourceQuality "1"]
[WhiteTeam "Schott Mainz (W)"]
[BlackTeam "Augsburg (W)"]
[WhiteTeamCountry "GER"]
[BlackTeamCountry "GER"]

1. e4 c5 2. Nf3 d6 3. d4 cxd4 4. Nxd4 Nf6 5. Nc3 g6 6. Bc4 a6 7. f3 Bg7 8. Be3 0-0 9. Qd2 Nc6 10. 0-0-0 Na5 11. Bb3 Nxb3+ 12. axb3 b5 13. Bh6 Be6 14. Rhe1 Nd7 15. Bxg7 Kxg7 16. Nc6 Qe8 17. Nd5 Nc5 18. Ndxe7 Nb7 19. Qd4+ f6 20. Qb6 Qd7 21. Nd5 Rfc8 22. Nd4 Bf7 23. Kb1 Be8 24. Ne6+ Kf7 25. Nec7 Rab8 26. Nxa6 Ra8 27. Ndc7 Rxa6 28. Nxa6 Rc6 29. Qxb5 Qc8 30. Qd5+ Kg7 31. Nb4 Rc5 32. Qd4 Qe6 33. Nd5 Bc6 34. Re3 Kf7 35. Rc3 Bxd5 36. Rxc5 dxc5 37. Qxd5 Qxd5 38. Rxd5 1-0

[Event "GER-ch U18 Girls"]
[Site "Willingen"]
[Date "2008.05.13"]
[Round "4"]
[White "Farokhpey, Sarah"]
[Black "Voss, Janine"]
[Result "1-0"]
[WhiteElo "1483"]
[BlackElo "1869"]
[PlyCount "83"]
[EventDate "2008.05.11"]
[EventType "swiss"]
[EventRounds "9"]
[EventCountry "GER"]
[SourceTitle "CBM 124 Extra"]
[Source "ChessBase"]
[SourceDate "2008.07.03"]
[SourceVersion "1"]
[SourceVersionDate "2008.07.03"]
[SourceQuality "1"]

1. d4 Nf6 2. c4 g6 3. Nc3 d5 4. Bf4 Bg7 5. cxd5 Nxd5 6. Nxd5 Qxd5 7. Bxc7 Qxd4 8. Qxd4 Bxd4 9. 0-0-0 Na6 10. Rxd4 Nxc7 11. e3 0-0 12. Nf3 b5 13. Bd3 Be6 14. Kb1 h6 15. Ne5 Rfd8 16. Nc6 Rxd4 17. Nxd4 Bd7 18. Rc1 Nd5 19. Bxb5 Bxb5 20. Nxb5 Kg7 21. Nc7 Rd8 22. Nxd5 Rxd5 23. Kc2 Kf6 24. b4 Rf5 25. f3 Rg5 26. g3 Rh5 27. h4 Rf5 28. f4 g5 29. hxg5+ hxg5 30. Kd3 gxf4 31. gxf4 Rd5+ 32. Ke4 Rb5 33. Rc6+ e6 34. a3 a5 35. Rc4 Ke7 36. Rc5 Rxc5 37. bxc5 f6 38. Kd4 Kd7 39. e4 Kc6 40. Kc4 f5 41. exf5 exf5 42. a4 1-0

[Event "GER-ch U18 Girls"]
[Site "Willingen"]
[Date "2008.05.11"]
[Round "2"]
[White "Stein, Simone"]
[Black "Voss, Janine"]
[Result "0-1"]
[WhiteElo "1416"]
[BlackElo "1869"]
[PlyCount "42"]
[EventDate "2008.05.11"]
[EventType "swiss"]
[EventRounds "9"]
[EventCountry "GER"]
[SourceTitle "CBM 124 Extra"]
[Source "ChessBase"]
[SourceDate "2008.07.03"]
[SourceVersion "1"]
[SourceVersionDate "2008.07.03"]
[SourceQuality "1"]

1. e4 c5 2. Nf3 d6 3. d4 cxd4 4. Nxd4 Nf6 5. Nc3 Nc6 6. Bc4 g6 7. 0-0 Bg7 8. Re1 0-0 9. f3 Qb6 10. Be3 Qxb2 11. Ncb5 Qb4 12. Qe2 Ne5 13. Bb3 Qa5 14. c4 Bd7 15. Bd2 Qb6 16. Kf1 a6 17. Nxd6 Qxd6 18. Be3 Rac8 19. Rac1 Nc6 20. Red1 Qxh2 21. Rc2 Nh5 0-1

[Event "GER-chT U20 Girls"]
[Site "Stuttgart"]
[Date "2007.12.30"]
[Round "7.4"]
[White "Voss, Janine"]
[Black "Steinmetz, Charlotte"]
[Result "1-0"]
[WhiteElo "1722"]
[BlackElo "1188"]
[PlyCount "75"]
[EventDate "2007.12.27"]
[EventType "team-swiss"]
[EventRounds "7"]
[EventCountry "GER"]
[SourceTitle "EXT 2009"]
[Source "ChessBase"]
[SourceDate "2008.11.26"]
[SourceVersion "1"]
[SourceVersionDate "2008.11.26"]
[SourceQuality "1"]
[WhiteTeam "Nastaetten SC U20 Girls"]
[BlackTeam "Leipzig Turm U20 Girls"]
[WhiteTeamCountry "GER"]
[BlackTeamCountry "GER"]

1. e4 c5 2. Nf3 Nc6 3. d4 cxd4 4. Nxd4 g6 5. Nc3 Bg7 6. Be3 Nf6 7. Be2 0-0 8. Nb3 d6 9. 0-0 Bd7 10. f4 Bh6 11. Kh1 Qc8 12. Bg1 b6 13. a4 Na5 14. Nd4 Nc6 15. Ndb5 a6 16. Na3 Rb8 17. h3 Ne8 18. Nd5 e6 19. Nxb6 Qc7 20. Nbc4 e5 21. fxe5 dxe5 22. Bh2 Rd8 23. Qe1 Bg7 24. c3 Nf6 25. Bf3 Rfe8 26. Rd1 Nh5 27. Bxh5 gxh5 28. Nd6 Rf8 29. Nf5 Bxf5 30. Rxf5 Ne7 31. Rxd8 Rxd8 32. Rf2 Ng6 33. Nc2 Rd7 34. Ne3 Qd8 35. Qe2 Bh6 36. Nd5 Ne7 37. Nf6+ Kh8 38. Nxd7 1-0

[Event "GER-chT U20 Girls"]
[Site "Stuttgart"]
[Date "2007.12.29"]
[Round "6.4"]
[White "Tunc, Helin"]
[Black "Voss, Janine"]
[Result "0-1"]
[WhiteElo "1461"]
[BlackElo "1722"]
[PlyCount "66"]
[EventDate "2007.12.27"]
[EventType "team-swiss"]
[EventRounds "7"]
[EventCountry "GER"]
[SourceTitle "EXT 2009"]
[Source "ChessBase"]
[SourceDate "2008.11.26"]
[SourceVersion "1"]
[SourceVersionDate "2008.11.26"]
[SourceQuality "1"]
[WhiteTeam "Porz SG U20 Girls"]
[BlackTeam "Nastaetten SC U20 Girls"]
[WhiteTeamCountry "GER"]
[BlackTeamCountry "GER"]

1. d4 Nf6 2. c4 g6 3. Nc3 d5 4. Bg5 Bg7 5. e3 0-0 6. Bd3 dxc4 7. Bxc4 Nbd7 8. Nge2 b6 9. 0-0 Bb7 10. Qc2 c5 11. dxc5 Nxc5 12. Rfd1 Qc7 13. Bxf6 exf6 14. Bd5 f5 15. Rac1 Rfd8 16. b4 Ne6 17. Qb3 Bxd5 18. Nxd5 Qb7 19. Rd2 Rd7 20. Rcd1 Rad8 21. Nec3 Bxc3 22. Ne7+ Kf8 23. Nxg6+ hxg6 24. Qxc3 Rxd2 25. Rxd2 Rc8 26. Qb2 Qc7 27. h3 Qc1+ 28. Qxc1 Rxc1+ 29. Kh2 Ke7 30. f3 Rb1 31. a3 Rb3 32. a4 Rxb4 33. Ra2 a5 0-1

[Event "GER-chT U20 Girls"]
[Site "Stuttgart"]
[Date "2007.12.27"]
[Round "1.4"]
[White "Voss, Janine"]
[Black "Nischik, Natascha"]
[Result "1-0"]
[WhiteElo "1722"]
[BlackElo "1374"]
[PlyCount "69"]
[EventDate "2007.12.27"]
[EventType "team-swiss"]
[EventRounds "7"]
[EventCountry "GER"]
[SourceTitle "EXT 2009"]
[Source "ChessBase"]
[SourceDate "2008.11.26"]
[SourceVersion "1"]
[SourceVersionDate "2008.11.26"]
[SourceQuality "1"]
[WhiteTeam "Nastaetten SC U20 Girls"]
[BlackTeam "Wadgassen/Differten U20 Girls"]
[WhiteTeamCountry "GER"]
[BlackTeamCountry "GER"]

1. e4 e5 2. Nf3 Nc6 3. d4 exd4 4. Nxd4 Nf6 5. Nc3 Bb4 6. f3 h6 7. Bc4 d6 8. Be3 Bd7 9. 0-0 0-0 10. Nd5 Bc5 11. c3 Be6 12. Nxe6 fxe6 13. Bxc5 exd5 14. Bxd5+ Nxd5 15. Qxd5+ Rf7 16. Be3 Qf6 17. f4 Raf8 18. Rf2 Nd8 19. Rd1 Qe6 20. e5 Qxd5 21. Rxd5 dxe5 22. Rxe5 Nc6 23. Re4 Ne7 24. Bc5 Re8 25. Rfe2 Kf8 26. Kf2 g5 27. Bxe7+ Rexe7 28. Rxe7 Rxe7 29. Rxe7 Kxe7 30. fxg5 hxg5 31. Kf3 Kf6 32. Kg4 Kg6 33. h4 gxh4 34. Kxh4 c5 35. Kg4 1-0

[Event "BL2 West 0708 (Women)"]
[Site "Germany"]
[Date "2007.12.01"]
[Round "3.4"]
[White "Voss, Janine"]
[Black "Barpiyeva, Gulsana"]
[Result "0-1"]
[WhiteElo "1864"]
[BlackElo "2116"]
[PlyCount "116"]
[EventDate "2007.11.10"]
[EventType "team-tourn"]
[EventRounds "7"]
[EventCountry "GER"]
[SourceTitle "EXT 2009"]
[Source "ChessBase"]
[SourceDate "2008.11.26"]
[SourceVersion "1"]
[SourceVersionDate "2008.11.26"]
[SourceQuality "1"]
[WhiteTeam "Schott Mainz (W) II"]
[BlackTeam "Walldorf (W)"]
[WhiteTeamCountry "GER"]
[BlackTeamCountry "GER"]

1. e4 c5 2. Nf3 e6 3. d4 cxd4 4. Nxd4 a6 5. Nc3 Qc7 6. Be2 Nf6 7. 0-0 Be7 8. Be3 Nc6 9. f4 d6 10. Kh1 Bd7 11. Qe1 Nxd4 12. Bxd4 Bc6 13. e5 dxe5 14. Bxe5 Qa5 15. Rd1 0-0 16. Bf3 Rac8 17. Nd5 Nxd5 18. Qxa5 Bb4 19. Qxb4 Nxb4 20. Bd6 Bxf3 21. gxf3 Nd5 22. Bxf8 Kxf8 23. Rd2 Nxf4 24. Rfd1 Rc7 25. c3 Ke7 26. Rd4 Nd5 27. Re1 Kf6 28. Kg2 b5 29. Re2 g5 30. Kf2 h6 31. a4 Nb6 32. axb5 axb5 33. Rc2 Ke7 34. Rb4 Rc5 35. Rd4 e5 36. Re2 f6 37. Rd3 Ke6 38. Red2 Nd5 39. Kg2 Nf4+ 40. Kf2 Nxd3+ 41. Rxd3 Rd5 42. Ke2 Rxd3 43. Kxd3 Kd5 44. b3 f5 45. Ke3 h5 46. Kd3 g4 47. fxg4 hxg4 48. Ke3 f4+ 49. Kd3 e4+ 50. Ke2 Ke5 51. Kf2 e3+ 52. Ke2 Kd6 53. Kd3 Kd5 54. Ke2 Ke4 55. c4 bxc4 56. bxc4 f3+ 57. Ke1 Kd4 58. Kf1 Kxc4 0-1

[Event "GER-chT Lands U20"]
[Site "Verden an der Aller"]
[Date "2007.10.03"]
[Round "7.7"]
[White "Voss, Janine"]
[Black "Stroessner, Lena"]
[Result "0-1"]
[WhiteElo "1740"]
[BlackElo "1744"]
[PlyCount "70"]
[EventDate "2007.09.29"]
[EventType "team-swiss"]
[EventRounds "7"]
[EventCountry "GER"]
[SourceTitle "CBM 120 Extra"]
[Source "ChessBase"]
[SourceDate "2007.11.01"]
[SourceVersion "1"]
[SourceVersionDate "2007.11.01"]
[SourceQuality "1"]
[WhiteTeam "Rheinland Pfalz"]
[BlackTeam "Nordrhein Westfalen"]
[WhiteTeamCountry "GER"]
[BlackTeamCountry "GER"]

1. e4 e6 2. d4 d5 3. Nc3 Bb4 4. Nge2 dxe4 5. a3 Be7 6. Nxe4 Nf6 7. N2g3 Nbd7 8. Bc4 0-0 9. 0-0 b6 10. c3 Bb7 11. Qd3 Nxe4 12. Nxe4 Nf6 13. f3 Rc8 14. Bb3 c5 15. Bc2 Nxe4 16. fxe4 cxd4 17. cxd4 Rxc2 18. Qxc2 Qxd4+ 19. Kh1 Bxe4 20. Rd1 Qe5 21. Qc3 Bxg2+ 22. Kxg2 Qe2+ 23. Kg3 Qxd1 24. Bh6 Qd6+ 25. Kh3 gxh6 26. Rg1+ Bg5 27. Rg3 e5 28. Kg2 Qd5+ 29. Kg1 Qd4+ 30. Qxd4 exd4 31. h4 f6 32. hxg5 hxg5 33. Rd3 Rd8 34. Kg2 Kg7 35. Kf3 f5 0-1

[Event "Wiesbaden op"]
[Site "Wiesbaden"]
[Date "2007.08.09"]
[Round "5"]
[White "Brandt, Michael"]
[Black "Voss, Janine"]
[Result "0-1"]
[WhiteElo "1474"]
[BlackElo "1784"]
[PlyCount "92"]
[EventDate "2007.08.02"]
[EventType "swiss"]
[EventRounds "7"]
[EventCountry "GER"]
[SourceTitle "EXT 2008"]
[Source "ChessBase"]
[SourceDate "2007.11.25"]
[SourceVersion "1"]
[SourceVersionDate "2007.11.25"]
[SourceQuality "1"]

1. f4 d5 2. Nf3 Nc6 3. e3 Nf6 4. Bb5 Bd7 5. 0-0 e6 6. b3 Be7 7. Bb2 0-0 8. Bxc6 Bxc6 9. Nc3 b6 10. Ne5 Bb7 11. Ne2 Ne4 12. d3 Nd6 13. Qe1 c5 14. Qg3 Nf5 15. Qf2 Bh4 16. g3 Be7 17. Rfd1 Rc8 18. c4 Qc7 19. Rac1 f6 20. Nf3 d4 21. exd4 cxd4 22. a3 Ne3 23. Nexd4 Nxd1 24. Rxd1 Qd7 25. b4 e5 26. Nc2 Qg4 27. Rf1 e4 28. dxe4 Rxc4 29. Ne3 Qe6 30. Nxc4 Qxc4 31. e5 Rd8 32. exf6 gxf6 33. Rc1 Qd5 34. Re1 Kf7 35. Re3 a5 36. Qe2 Qd1+ 37. Qxd1 Rxd1+ 38. Kf2 axb4 39. Ke2 Rb1 40. Bd4 bxa3 41. Nd2 a2 42. Nb3 Bd5 43. Na1 Bc5 44. Bc3 Bxe3 45. Kxe3 Rg1 46. Kf2 Rg2+ 0-1

[Event "Wiesbaden op"]
[Site "Wiesbaden"]
[Date "2007.08.09"]
[Round "7"]
[White "Voss, Janine"]
[Black "Schydlo, Siegfried"]
[Result "1/2-1/2"]
[WhiteElo "1784"]
[BlackElo "2020"]
[PlyCount "99"]
[EventDate "2007.08.02"]
[EventType "swiss"]
[EventRounds "7"]
[EventCountry "GER"]
[SourceTitle "EXT 2008"]
[Source "ChessBase"]
[SourceDate "2007.11.25"]
[SourceVersion "1"]
[SourceVersionDate "2007.11.25"]
[SourceQuality "1"]

1. e4 e5 2. Nf3 Nc6 3. d4 exd4 4. Nxd4 Nxd4 5. Qxd4 Qe7 6. Bc4 d6 7. 0-0 c6 8. Bf4 Be6 9. Nc3 Bxc4 10. Qxc4 Qe6 11. Qd4 Ne7 12. Qxd6 Qxd6 13. Bxd6 0-0-0 14. Bc5 a6 15. Rad1 Ng6 16. Rxd8+ Kxd8 17. Bd4 f6 18. Rd1 Kc7 19. Na4 Be7 20. Bb6+ Kc8 21. Ba5 Bd8 22. Nb6+ Bxb6 23. Bxb6 Re8 24. f3 Ne5 25. Rd4 Nd7 26. Ba5 b6 27. Bc3 Kc7 28. Be1 Re6 29. Bg3+ Kc8 30. Rd6 Rxd6 31. Bxd6 Kb7 32. f4 c5 33. e5 Kc6 34. c4 b5 35. b3 bxc4 36. bxc4 fxe5 37. fxe5 Nb6 38. Bf8 Nxc4 39. e6 g6 40. Kf2 Nd6 41. Ke3 Kd5 42. a4 Ne8 43. Bh6 Nd6 44. g3 Ne8 45. Bf4 h5 46. h3 Nf6 47. g4 hxg4 48. hxg4 Ne8 49. g5 Ng7 50. a5 1/2-1/2

[Event "Wiesbaden op"]
[Site "Wiesbaden"]
[Date "2007.08.03"]
[Round "2"]
[White "Voss, Janine"]
[Black "Luebbers, Doris"]
[Result "1-0"]
[WhiteElo "1784"]
[BlackElo "1668"]
[PlyCount "95"]
[EventDate "2007.08.02"]
[EventType "swiss"]
[EventRounds "7"]
[EventCountry "GER"]
[SourceTitle "EXT 2008"]
[Source "ChessBase"]
[SourceDate "2007.11.25"]
[SourceVersion "1"]
[SourceVersionDate "2007.11.25"]
[SourceQuality "1"]

1. e4 c5 2. Nf3 Nc6 3. d4 cxd4 4. Nxd4 Nf6 5. Nc3 e5 6. Ndb5 d6 7. Bg5 Be7 8. Bxf6 gxf6 9. Nd5 0-0 10. Nxe7+ Qxe7 11. Qxd6 Be6 12. Qxe7 Nxe7 13. Nc7 Rac8 14. Nxe6 fxe6 15. 0-0-0 Rfd8 16. Bd3 Kf7 17. Rd2 a6 18. Rhd1 Nc6 19. Rf1 Nd4 20. Kb1 Ke7 21. f4 exf4 22. Rxf4 e5 23. Rf1 Rg8 24. c3 Ne6 25. Bc2 Rcd8 26. Rdf2 Rgf8 27. Bb3 b6 28. Kc2 a5 29. Rf5 Ng7 30. R5f3 Ne6 31. Bd5 Ng5 32. Rd3 Ne6 33. Rfd1 Nc5 34. Rh3 Rh8 35. Rg3 Ne6 36. Rgd3 Nc5 37. Rf3 Ne6 38. Re3 Nf4 39. Rg3 Ne6 40. Rf3 Ng5 41. Rg3 Ne6 42. Bxe6 Kxe6 43. Rg7 Rd6 44. Rb7 Rc6 45. Rdd7 f5 46. Re7+ Kf6 47. Rf7+ Kg5 48. Rxf5+ 1-0

[Event "GER-ch U16 Girls"]
[Site "Willingen"]
[Date "2007.05.31"]
[Round "8"]
[White "Mijatovic, Andrea"]
[Black "Voss, Janine"]
[Result "1/2-1/2"]
[WhiteElo "1826"]
[BlackElo "1734"]
[PlyCount "65"]
[EventDate "2007.05.26"]
[EventType "swiss"]
[EventRounds "9"]
[EventCountry "GER"]
[SourceTitle "CBM 118 Extra"]
[Source "ChessBase"]
[SourceDate "2007.07.04"]
[SourceVersion "1"]
[SourceVersionDate "2007.07.04"]
[SourceQuality "1"]

1. e4 c5 2. Nf3 d6 3. d4 cxd4 4. Nxd4 Nf6 5. Nc3 g6 6. f3 Bg7 7. Be3 0-0 8. Qd2 Nc6 9. 0-0-0 Nxd4 10. Bxd4 Be6 11. Kb1 Qc7 12. h4 Rfc8 13. h5 Qa5 14. hxg6 fxg6 15. a3 Rab8 16. Bxf6 Bxf6 17. Nd5 Qxd2 18. Nxf6+ exf6 19. Rxd2 Rd8 20. Be2 Rbc8 21. Rhd1 Rc6 22. b4 Kf7 23. Kb2 a6 24. f4 Rdc8 25. Bf3 R6c7 26. Re1 Ke7 27. Rh1 Kf8 28. Kb1 Rd7 29. Re1 Rcd8 30. Kb2 Ke7 31. Rh1 Kf8 32. Re1 Ke7 33. Rh1 1/2-1/2